| 000 | 00333nam a22001337a 4500 | ||
|---|---|---|---|
| 008 | 170823b xxu||||| |||| 00| 0 eng d | ||
| 020 | _a9780198596820 | ||
| 041 | _aeng | ||
| 080 | _a51 | ||
| 100 | _a38 | ||
| 101 | _aMAT | ||
| 245 |
_aOPTIMAL CONTROL AN INTRODUCTION TO THE THEORY WITH APPLICATIONS _cHOCKING,L.M |
||
| 942 |
_2udc _cBK |
||
| 999 |
_c24724 _d24724 |
||